|
|
|
|
| LEADER |
00819nam a2200265 4500 |
| 001 |
DLU150167571 |
| 005 |
##20150123 |
| 040 |
# |
# |
|a DLU
|b vie
|
| 041 |
# |
# |
|a vie
|
| 044 |
# |
# |
|a vn
|
| 100 |
# |
# |
|a Lê Xuân Hiền.
|
| 245 |
# |
# |
|a Nghiên cứu đóng rắn nhựa epoxy biến tính dầu trẩu bằng 1,3-phenylen diamin /
|c Lê Xuân Hiền, ...[và những người khác].
|
| 700 |
# |
# |
|a Đào Phi Hùng.
|
| 700 |
# |
# |
|a Nguyễn Thị Việt Triều.
|
| 700 |
# |
# |
|a Vũ Minh Hoàng.
|
| 773 |
# |
# |
|t Hóa học
|g Số 2, 2012, tr. 253-257
|
| 920 |
# |
# |
|a Phòng Tạp chí -- Trung tâm Thông tin - Thư viện Trường Đại học Đà Lạt
|
| 994 |
# |
# |
|a DLU
|
| 900 |
# |
# |
|a True
|
| 911 |
# |
# |
|a Hoàng Thị Huyền
|
| 925 |
# |
# |
|a G
|
| 926 |
# |
# |
|a A
|
| 927 |
# |
# |
|a BB
|
| 980 |
# |
# |
|a Thư viện Trường Đại học Đà Lạt
|